Dokończ tekst piosenki #1 - Statystyki

Ogólne statystyki
  • Ten quiz został rozwiązany 998 razy
  • Średni wynik to 5 z 20
Statystyki odpowiedzi
Wykonawca/Tytuł Fragment piosenki Odpowiedź % Poprawnych
Lady Pank "Zawsze tam, gdzie ty" 1990 "Już teraz wiem, że dni są tylko po toBy do Ciebie wracać ____________" Każdą nocą złotą
94%
Wilki "Urke" 2002 "Pijemy za lepszy czas Za każdy dzień, który ________________" W życiu trwa
63%
Kizo "Disney" 2021 "Nie mam zamiaru się smucić, tylko zatracić w tym co najlepsze Chcą się kłócić, chcą nas zdusić, ________________" Jakby to było konieczne
62%
Chłopcy z placu broni "Kocham wolność" 1990 "Wolność - kocham i rozumiem Wolności _____________" Oddać nie umiem
55%
Krzysztof Krawczyk "Za Tobą pójdę jak na bal" 1987 "Za Tobą pójdę jak na bal, nie obejrzę się Nikt mnie nie zatrzyma, ________________" Nie zatrzyma mnie
44%
Elektryczne Gitary "Co ty tutaj robisz" 1997 "I co ja robię tu (u-u, co ty tutaj robisz)Dwanaście ciężkich ________________ moją głowę zdobi" Szczerozłotych koron
31%
Katarzyna Sobczyk "O mnie się nie martw" 1964 "O mnie się nie martw, o mnie się nie martw Ja sobie radę dam Jesteś to jesteś, a jak cię nie ma To też ____________" Niewielki kram
29%
Big Cyc "Makumba" 1996 "Ja dużo pracować i wiele potrafić
Polska teściowa się o mnie martwić
Ona się ciągle modlić do Boga:
'_________________________'"
Boże jedyny, Makumbę zachowaj
26%
Perfect "Autobiografia" 1982 "W kawiarniany gwarJak tornado jazz się wdarł I ja też ______________" Chciałem grać
25%
Gabriel Fleszar "Kroplą deszczu" 1999 "Kroplą deszczu namaluję cię A potem długo sam, ___________________" Sam w to nie uwierzę
23%
Sanah "było, minęło" 2024 "Śnieg spadł w lipcu, nie w grudniuPółnocny mróz _______________" Jest na południu
16%
T.Love "Nie, nie, nie" 2001 "Połóż pistolet na stół I uprzedzenia wyrzuć w kątNa całym świecie są faszyści Którzy ___________________" Nienawidzą innych rąk
15%
Gibbs, Opał "Drive" 2023 "Nigdy więcej, proszę, nigdy więcej Nie stawiaj na drodze tych _______________" Skazanych na dezercję
13%
Kazik Staszewski "Twój ból jest lepszy niż mój" 2020 "Otwiera się brama, ja nie wierzę oczom
Czy jednak się rzeczy inaczej potoczą
Podbiegam, twoje karki krzyczą: '____!' Bo Twój ból jest lepszy niż mój"
Stój
13%
Irena Santor "Już nie ma dzikich plaż" 1985 "Już nie ma dzikich plaż, na których zbierałam bursztyny Gdy z psem do Ciebie szłam, a ____________________"
Mewy ósemki kreśliły
9%
Krzysztof Krawczyk "Pamiętam Ciebie z tamtych lat" 1978 "Niech się dzieje, co chce(____________________)" Niech się dzieje, co chce
5%
Czerwone Gitary "Powiedz stary, gdzieś ty był" 1997 "Powiedz, stary, gdzieś ty był? Dziwną minę masz Pewnieś zwiedził Rzym lub Krym ______________" Już nie jeden raz
3%
Budka Suflera i Felicjan Andrzejczak "Noc komety" 1982 "Już eksplodują lustra
Całego świata
I nieskończenie wolno
___________"
Pulsuje czas
3%
Voo Voo "Nim stanie się tak..." 1994 "Myślę sobie, żeTa zima kiedyś musi minąć Zazieleni się ________________" Urośnie kilka drzew
2%
Wzgórze Ya-Pa 3 "Ja mam to co ty" 1998 "Miasto moje, prosto miasto twojeI tu świeci słońce, i tu __________________" Jest wspólny projekt
1%
Nie znaleziono quizów pasujących do podanych kryteriów
Rozkład punktacji
Procent ludzi z każdym wynikiem
Percentyl według liczby udzielonych odpowiedzi
Twoja historia wyników
Nie rozwiązałeś tego quizu